000
00312nam a2200133Ia 4500
003
OSt
005
20240216095300.0
008
170524s9999 xx 000 0 und d
020
_a
9781259062537
040
_c
IIMT UNIVERSITY MEERUT
100
_a
LIPSCHUTZ S
245
0
_a
DISCRETE MATHEMATHICS
942
_2
ddc
_c
02
999
_c
4511
_d
4511